000 00210nam a2200097Ia 4500
005 20251222114341.0
008 251222s1900||||xx |||||||||||||| ||spa||
082 _aDVD0050/G45/1985
245 0 _aBrazil:
942 _cDVD
999 _c855
_d855